[Event "Petroupoli ASOP Dias op"]
[Site "Petroupoli"]
[Date "2013.02.06"]
[Round "3.5"]
[White "Manassakis, Georgios"]
[Black "Sienczewski, Zbigniew"]
[Result "1/2-1/2"]
[WhiteElo "2005"]
[BlackElo "2055"]
[PlyCount "39"]
[EventDate "2013.01.23"]
[EventType "swiss"]
[EventRounds "7"]
[EventCountry "GRE"]
[SourceTitle "EXT 2024"]
[Source "ChessBase"]
[SourceDate "2023.10.10"]
[SourceVersion "1"]
[SourceVersionDate "2023.10.10"]
[SourceQuality "1"]

1. e4 d6 2. d4 Nf6 3. Nc3 g6 4. Bg5 Bg7 5. Qd2 h6 6. Bh4 g5 7. Bg3 Nh5 8. 0-0-0 c6 9. f4 Nxg3 10. hxg3 Qa5 11. e5 Be6 12. Kb1 dxe5 13. dxe5 Nd7 14. Bc4 0-0-0 15. Bxe6 fxe6 16. Qe3 Nb6 17. Nf3 Nc4 18. Kc1 Qb4 19. Rd3 Rhf8 20. Rxd8+ 1/2-1/2

[Event "Petroupoli ASOP Dias op"]
[Site "Petroupoli"]
[Date "2013.01.30"]
[Round "2.9"]
[White "Koerant, Filipos"]
[Black "Manassakis, Georgios"]
[Result "0-1"]
[WhiteElo "1955"]
[BlackElo "2005"]
[PlyCount "154"]
[EventDate "2013.01.23"]
[EventType "swiss"]
[EventRounds "7"]
[EventCountry "GRE"]
[SourceTitle "EXT 2024"]
[Source "ChessBase"]
[SourceDate "2023.10.10"]
[SourceVersion "1"]
[SourceVersionDate "2023.10.10"]
[SourceQuality "1"]

1. d4 d5 2. c4 c6 3. Nf3 Nf6 4. g3 Bf5 5. Nbd2 e6 6. Bg2 h6 7. 0-0 Be7 8. b3 0-0 9. Bb2 Nbd7 10. Re1 Ne4 11. Nxe4 Bxe4 12. Nd2 Bxg2 13. Kxg2 Bb4 14. e4 Qa5 15. Re2 Bxd2 16. Rxd2 dxe4 17. Qc2 f5 18. Rad1 Nf6 19. Bc3 Qc7 20. d5 cxd5 21. Bxf6 Rxf6 22. cxd5 Qxc2 23. Rxc2 exd5 24. Rxd5 Raf8 25. h4 g6 26. Rc7 R6f7 27. Rc4 Re8 28. Ra4 b6 29. Rd6 Kg7 30. Rc4 Ref8 31. a4 Rf6 32. Rd7+ R8f7 33. Rd8 Re6 34. Rcc8 a5 35. Rh8 h5 36. Rcg8+ Kf6 37. Rb8 Ke5 38. Rhc8 f4 39. gxf4+ Rxf4 40. Re8 Rff6 41. Kg3 Rf3+ 42. Kg2 Rxe8 43. Rxe8+ Kf5 44. Rf8+ Kg4 45. Re8 Rxb3 46. Rxe4+ Kf5 47. Rc4 Rb4 48. Rc6 Rxh4 49. Rxb6 Rxa4 50. Rb8 Ra3 51. f3 Ra4 52. Ra8 h4 53. Ra7 g5 54. Ra8 Ra1 55. Rf8+ Kg6 56. Rg8+ Kf6 57. Rf8+ Kg7 58. Ra8 a4 59. Ra6 a3 60. Kh2 a2 61. Ra4 Kf6 62. Ra8 Ke5 63. Ra4 Kd5 64. Ra8 Kd4 65. Kg2 h3+ 66. Kh2 Ke3 67. Ra4 Kxf3 68. Ra3+ Kf4 69. Ra4+ Ke5 70. Ra5+ Kd6 71. Ra6+ Kc7 72. Ra3 g4 73. Rc3+ Kd6 74. Rd3+ Ke5 75. Re3+ Kd4 76. Ra3 g3+ 77. Rxg3 Rb1 0-1

[Event "Petroupoli ASOP Dias op"]
[Site "Petroupoli"]
[Date "2013.01.23"]
[Round "1.13"]
[White "Manassakis, Georgios"]
[Black "Stavropoulos, Konstantinos"]
[Result "1/2-1/2"]
[WhiteElo "2005"]
[BlackElo "1638"]
[PlyCount "88"]
[EventDate "2013.01.23"]
[EventType "swiss"]
[EventRounds "7"]
[EventCountry "GRE"]
[SourceTitle "EXT 2024"]
[Source "ChessBase"]
[SourceDate "2023.10.10"]
[SourceVersion "1"]
[SourceVersionDate "2023.10.10"]
[SourceQuality "1"]

1. d4 Nf6 2. Nf3 e6 3. e3 b6 4. Bd3 Bb7 5. Nbd2 c5 6. 0-0 Nc6 7. c3 Be7 8. Re1 0-0 9. h3 Rc8 10. Qe2 cxd4 11. exd4 Nd5 12. Nf1 Qc7 13. Ne5 Nxe5 14. dxe5 d6 15. f4 dxe5 16. fxe5 Bc5+ 17. Kh1 Ne7 18. b4 Bf2 19. Qxf2 Qxc3 20. Bg5 f6 21. Bxh7+ Kxh7 22. Qh4+ Kg6 23. Bd2 Qc6 24. Qg4+ Kf7 25. Rac1 Qd5 26. Rcd1 Rh8 27. Bf4 Rh4 28. Qg3 Qxg2+ 29. Qxg2 Bxg2+ 30. Kxg2 Rxf4 31. Rd7 Rxb4 32. Rxa7 Rc2+ 33. Kf3 Rbc4 34. Rd1 Rc7 35. Rxc7 Rxc7 36. exf6 Kxf6 37. Ne3 Rc3 38. Ke4 Nd5 39. Nxd5+ exd5+ 40. Rxd5 Ra3 41. Kf4 Ra4+ 42. Kg3 Rxa2 43. Rd6+ Kg5 44. Rd5+ Kf6 1/2-1/2

[Event "Athens op"]
[Site "Athens"]
[Date "2008.06.15"]
[Round "2"]
[White "Manassakis, Georgios"]
[Black "Skaperdas, Kostantinos"]
[Result "0-1"]
[WhiteElo "1958"]
[BlackElo "2175"]
[PlyCount "109"]
[EventDate "2008.06.14"]
[EventType "swiss"]
[EventRounds "9"]
[EventCountry "GRE"]
[SourceTitle "CBM 125 Extra"]
[Source "ChessBase"]
[SourceDate "2008.09.01"]
[SourceVersion "1"]
[SourceVersionDate "2008.09.01"]
[SourceQuality "1"]

1. Nf3 Nf6 2. b3 g6 3. Bb2 Bg7 4. e3 d6 5. Bb5+ c6 6. Be2 e5 7. d3 a5 8. c4 Nbd7 9. 0-0 0-0 10. Qc2 Re8 11. Nc3 Qc7 12. Rac1 Nc5 13. Nd2 Bf5 14. Nde4 Rad8 15. Nxf6+ Bxf6 16. Ne4 Bg7 17. Ba3 b6 18. Rfd1 h6 19. Bf3 h5 20. Bb2 h4 21. a3 Bxe4 22. dxe4 Ne6 23. Qe2 Ng5 24. Rc2 Qe7 25. Rcd2 Qf6 26. h3 Bf8 27. a4 Be7 28. Ba3 c5 29. Bb2 Rf8 30. Rd3 Kh7 31. Kh2 Rg8 32. Rg1 Rdf8 33. Rdd1 Qe6 34. Rd2 Qf6 35. Rdd1 Rh8 36. Ba1 Qe6 37. Rd2 Rfg8 38. Rdd1 Rd8 39. Qc2 Rhf8 40. Qe2 Qf6 41. Rd2 Rg8 42. Rdd1 Kg7 43. Rd5 Kf8 44. Rgd1 Ke8 45. Bb2 Qe6 46. Qd3 f5 47. exf5 Nxf3+ 48. gxf3 gxf5 49. e4 Qg6 50. Qf1 fxe4 51. Qh1 Qf5 52. Bc1 Bg5 53. Rg1 Bf4+ 54. Rg3 hxg3+ 55. fxg3 0-1

[Event "Ambelokipi op 75th"]
[Site "Athens"]
[Date "2007.01.27"]
[Round "5"]
[White "Lazaridis, Stavros"]
[Black "Manassakis, Georgios"]
[Result "1-0"]
[WhiteElo "2214"]
[BlackElo "1941"]
[PlyCount "53"]
[EventDate "2007.01.13"]
[EventType "swiss"]
[EventRounds "7"]
[EventCountry "GRE"]
[SourceTitle "CBM 116 Extra"]
[Source "ChessBase"]
[SourceDate "2007.03.07"]
[SourceVersion "1"]
[SourceVersionDate "2007.03.07"]
[SourceQuality "1"]

1. e4 e6 2. d4 d5 3. e5 c5 4. c3 Nc6 5. Be3 Qb6 6. Qd2 Bd7 7. Nf3 Rc8 8. dxc5 Bxc5 9. Bxc5 Qxc5 10. Bd3 Nge7 11. 0-0 Ng6 12. Re1 Nce7 13. Na3 0-0 14. h4 h6 15. h5 Nh8 16. Rad1 a6 17. Bb1 b5 18. Nc2 Nc6 19. Ne3 Qe7 20. Ng4 Nxe5 21. Ngxe5 f6 22. Nxd7 Qxd7 23. Qd3 g6 24. hxg6 Kg7 25. Nd4 Rce8 26. g4 Qd6 27. Rxe6 1-0